000
00414nam a2200145Ia 4500
008
090124s9999 xx 000 0 und d
082
_b
304006
245
_a
स्वप्नांतरिता
250
_a
1
260
_b
केळकर राजा
_c
1999
300
_a
198
630
_a
स्वप्नांतरिता
730
_a
स्वप्नांतरिता
942
_c
BOOK
999
_c
193643
_d
193643